| 000 | 00364nam a22001337a 4500 | ||
|---|---|---|---|
| 082 |
_a690.0913 _bFUL |
||
| 100 |
_aFullerton, R.L. _945281 |
||
| 245 | _aBuilding construction in warm climates | ||
| 260 |
_aLondon _bOxford University Press _c1977 |
||
| 300 | _axiii, 269 p. : | ||
| 526 |
_a0 _b0 _c0 _d690_091300000000000_FUL |
||
| 650 |
_aMCE _9379 |
||
| 942 |
_2ddc _cBK |
||
| 999 |
_c548841 _d548841 |
||